MARC

LEADER 00000nam0a2200000 4500
001 369386
005 20231102012158.0
035 |a (RuTPU)RU\TPU\retro\26768 
090 |a 369386 
100 |a 20220520d1979 k y0rusy50 ca 
101 0 |a rus 
102 |a RU 
105 |a a z 001zy 
200 1 |a Совершенствование технологии бурения нефтяных и газовых скважин в Восточной Сибири и Якутии  |e сборник научных трудов  |f Восточно-Сибирский научно-исследовательский институт геологии, геофизики и минерального сырья ; отв. ред. В. В. Казанский 
210 |a Новосибирск  |c Изд-во ВостСибНИИГГиМС  |d 1979 
215 |a 83 с.  |c ил. 
320 |a Библиогр. в конце ст. 
606 1 |a Нефтегазоносность  |x Исследование  |2 stltpush  |3 (RuTPU)RU\TPU\subj\45601  |9 64794 
606 1 |a Нефтеконденсатные месторождения  |x Системы разработки  |x Эксплуатация  |2 stltpush  |3 (RuTPU)RU\TPU\subj\45704  |9 64896 
610 1 |a нефтяные скважины 
610 1 |a газовые скважины 
610 1 |a бурение 
610 1 |a Восточная Сибирь 
610 1 |a Якутия 
610 1 |a шарошечные долота 
610 1 |a буровые растворы 
610 1 |a продуктивные пласты 
610 1 |a вскрытие 
610 1 |a крепление 
610 1 |a цементирование 
610 1 |a цементные растворы 
610 1 |a качество 
675 |a 553.98.08  |v 4 
675 |a 622.276  |v 4 
702 1 |a Казанский  |b В. В.  |4 340 
712 0 2 |a Восточно-Сибирский научно-исследовательский институт геологии, геофизики и минерального сырья  |c (Иркутск)  |2 stltpush  |3 (RuTPU)RU\TPU\col\2421  |9 23680 
801 1 |a RU  |b 63413507  |c 20220520 
801 2 |a RU  |b 63413507  |c 20220520  |g RCR 
942 |c BK